000 00445cam a2200169ua 4500
020 _c3.00
041 _aeng
_h
082 _a954
_bNAY/TE
100 _aNayar, N B.
245 _aText book of Indian history from the earliest times to 1526 A.D /
_cN.V.Nayar.
_hTextual Documents
260 _aTrivandrum :
_bVocational supplies depot ,
_c1964.
300 _a177 ; .
365 _a3.00
504 _a
942 _cBK
999 _c770
_d770